Clásicos del futbol argentino - Estadísticas

Estadísticas generales
  • Esta prueba ha sido intentada 472 veces
    467 desde el último reinicio
  • La puntuación promedio es 30 de 48
Estadísticas de respuestas
Clasicos Equipos % Correcto
Boca juniors
99%
Independiente
99%
Clásico de Avellaneda Racing Club
99%
Superclásico River Plate
99%
Clásico Rosarino Rosario Central
97%
Clásico de La Plata Estudiantes
96%
Newells Old Boys
95%
Gimnasia
94%
Clásico Cordobés Talleres
92%
Belgrano
91%
Clásico Tucumano Atletico Tucumán
88%
Clásico Santafesino Colon
87%
Union
86%
Clásico Porteño San Lorenzo
84%
Clásico de Sur Lanus
83%
Huracan
81%
Banfield
80%
Gimnasia y Esgrima
79%
Clásico Quilmeño Quilmes
76%
San Martin de Tucumán
76%
Clásico del Oeste (CABA) Velez
74%
Clásico Marplatense Aldosivi
73%
Ferro
72%
Chacarita Juniors
70%
Clásico Mendocino Independiente Rivadavia
66%
Clásico de Villa Crespo Atlanta
65%
Clásico de Cuyo Godoy Cruz
61%
Alvarado
59%
Clásico de la Zona Norte Platense
55%
Nueva Chicago
54%
Tigre
52%
Superclásico del Ascenso All Boys
50%
San Martin de San Juan
47%
Chaco For Ever
44%
Almirante Brown
37%
Clásico del Oeste (GBA) Deportivo Moron
36%
Temperley
35%
Clásico de Tres de Febrero Almagro
34%
Defensores de Belgrano
34%
Clásico de Lomas Los Andes
34%
Estudiantes de Caseros
32%
Clásico Chaqueño Sarmiento de Resistencias
32%
Clásico Salteño Central Norte
30%
Argentino de Quilmes
29%
Clásico del Bajo Belgrano Excursionistas
29%
Juventud Antoniana
24%
Clásico del Barrio Oeste Central Cordoba SdE
22%
Güemes
8%
No se encontraron pruebas coincidentes
Distribución de puntuación
Porcentaje de gente con cada puntuación
Porcentaje por número respondido
Historial de tus puntuaciones
No has intentado esta prueba desde el último reinicio